00402cam a22001097a 4500008004000000082001700040245006900057260005000126300000900176999001900185952008800204180718b1952 xxu||||| |||| 00| 0 eng d aQ431x42 Un3m aMemorandum by the home office on the conduct of children's homes aLondonbHer Majesty's Stationery Officec1952 av.p. c418503d418503 00104070aIIPAbIIPAd2009-06-19oQ431x42 Un3mp17142r2018-07-21w2018-07-21yBK